[Event "Dortmund Sparkassen op-A"]
[Site "Dortmund"]
[Date "2013.08.03"]
[Round "8"]
[White "Bramkamp, Rainer"]
[Black "Dyballa, Gerhard"]
[Result "1/2-1/2"]
[WhiteElo "2081"]
[BlackElo "1970"]
[PlyCount "59"]
[EventDate "2013.07.27"]
[EventType "swiss"]
[EventRounds "9"]
[EventCountry "GER"]
[SourceTitle "CBM 155 Extra"]
[Source "ChessBase"]
[SourceDate "2013.08.26"]
[SourceVersion "1"]
[SourceVersionDate "2013.08.26"]
[SourceQuality "1"]

1. d4 Nf6 2. c4 e5 3. dxe5 Ng4 4. Bf4 Nc6 5. Nf3 Bb4+ 6. Nbd2 Qe7 7. a3 Ngxe5 8. Nxe5 Nxe5 9. e3 Bxd2+ 10. Qxd2 d6 11. Be2 a5 12. b3 Bg4 13. f3 Be6 14. Rc1 0-0 15. 0-0 b6 16. e4 Nd7 17. Be3 f5 18. Bd3 Nc5 19. Bxc5 bxc5 20. exf5 Bxf5 21. Rfe1 Qf6 22. Bxf5 Qxf5 23. a4 Rab8 24. Qxa5 Rxb3 25. Qxc7 Rb2 26. Qxd6 Rxg2+ 27. Kxg2 Qxf3+ 28. Kg1 Qf2+ 29. Kh1 Qf3+ 30. Kg1 1/2-1/2

[Event "Dortmund Sparkassen op-A"]
[Site "Dortmund"]
[Date "2011.07.29"]
[Round "7"]
[White "Albers, Damian"]
[Black "Bramkamp, Rainer"]
[Result "1-0"]
[WhiteElo "2091"]
[BlackElo "2115"]
[PlyCount "59"]
[EventDate "2011.07.23"]
[EventType "swiss"]
[EventRounds "9"]
[EventCountry "GER"]
[SourceTitle "CBM 143 Extra"]
[Source "ChessBase"]
[SourceDate "2011.08.29"]
[SourceVersion "1"]
[SourceVersionDate "2011.08.29"]
[SourceQuality "1"]

1. e4 c6 2. Ne2 d5 3. e5 c5 4. d4 Nc6 5. c3 Bg4 6. Be3 cxd4 7. cxd4 e6 8. f3 Bb4+ 9. Nbc3 Bf5 10. g4 Bg6 11. a3 Bxc3+ 12. Nxc3 Nge7 13. Rc1 f6 14. exf6 gxf6 15. Bh6 Rg8 16. Bb5 a6 17. Bxc6+ Nxc6 18. Na4 e5 19. dxe5 fxe5 20. 0-0 Bf7 21. Qb3 Rb8 22. Qe3 Qd6 23. Bf4 d4 24. Qe1 Kf8 25. Rxc6 Qxc6 26. Bxe5 Qxa4 27. Bd6+ Kg7 28. Qe5+ Kh6 29. Qf6+ Rg6 30. Bf4# 1-0

[Event "Dortmund Sparkassen op-A"]
[Site "Dortmund"]
[Date "2011.07.23"]
[Round "1"]
[White "Bramkamp, Rainer"]
[Black "Eckert, Marius"]
[Result "1/2-1/2"]
[WhiteElo "2115"]
[BlackElo "1894"]
[PlyCount "52"]
[EventDate "2011.07.23"]
[EventType "swiss"]
[EventRounds "9"]
[EventCountry "GER"]
[SourceTitle "CBM 143 Extra"]
[Source "ChessBase"]
[SourceDate "2011.08.29"]
[SourceVersion "1"]
[SourceVersionDate "2011.08.29"]
[SourceQuality "1"]

1. e4 e5 2. Nf3 Nc6 3. Bb5 a6 4. Ba4 Nf6 5. 0-0 b5 6. Bb3 Be7 7. Re1 0-0 8. a4 Bb7 9. axb5 axb5 10. Rxa8 Qxa8 11. Nc3 Qa5 12. Nd5 d6 13. d3 Nxd5 14. Bxd5 Nd8 15. Bxb7 Nxb7 16. Bd2 Qa2 17. Qa1 Ra8 18. Qxa2 Rxa2 19. Bc1 c5 20. Kf1 Na5 21. Ke2 Nc6 22. Kd1 Nb4 23. Kd2 Bd8 24. c3 Nc6 25. Kc2 b4 26. Bd2 bxc3 1/2-1/2

[Event "Dortmund op-A"]
[Site "Dortmund"]
[Date "2007.06.30"]
[Round "8"]
[White "Heinzel, Olaf"]
[Black "Bramkamp, Rainer"]
[Result "1/2-1/2"]
[WhiteElo "2403"]
[BlackElo "2117"]
[PlyCount "63"]
[EventDate "2007.06.22"]
[EventType "swiss"]
[EventRounds "9"]
[EventCountry "GER"]
[SourceTitle "EXT 2008"]
[Source "ChessBase"]
[SourceDate "2007.11.25"]
[SourceVersion "1"]
[SourceVersionDate "2007.11.25"]
[SourceQuality "1"]

1. d4 d5 2. Bf4 Nf6 3. Nf3 c5 4. e3 Nc6 5. Be2 Bg4 6. Nbd2 e6 7. c3 Bd6 8. Bg3 0-0 9. Ne5 Bxe2 10. Qxe2 Qc7 11. f4 Nd7 12. 0-0 f6 13. Nxd7 Qxd7 14. dxc5 Bxc5 15. Nb3 Bb6 16. Kh1 f5 17. Rad1 Qe7 18. c4 dxc4 19. Qxc4 Rac8 20. Qe2 Rfd8 21. e4 Rxd1 22. Rxd1 Rd8 23. Re1 Qf7 24. h3 Nd4 25. Nxd4 Rxd4 26. exf5 exf5 27. Qc2 Rc4 28. Re8+ Qxe8 29. Qxc4+ Kf8 30. Kh2 g6 31. Bh4 Qc6 32. Qxc6 1/2-1/2

[Event "Dortmund Sparkassen op-A"]
[Site "Dortmund"]
[Date "2006.08.05"]
[Round "8"]
[White "Matula, Artur"]
[Black "Bramkamp, Rainer"]
[Result "0-1"]
[WhiteElo "1856"]
[BlackElo "2155"]
[PlyCount "92"]
[EventDate "2006.07.28"]
[EventType "swiss"]
[EventRounds "9"]
[EventCountry "GER"]
[SourceTitle "CBM 113 Extra"]
[Source "ChessBase"]
[SourceDate "2006.09.14"]
[SourceVersion "1"]
[SourceVersionDate "2006.09.14"]
[SourceQuality "1"]

1. e4 c6 2. Nc3 d5 3. Qf3 dxe4 4. Nxe4 Nd7 5. d4 Ngf6 6. Nxf6+ Nxf6 7. c3 Bg4 8. Qg3 Bh5 9. Bc4 e6 10. Ne2 Bg6 11. 0-0 Bd6 12. Bf4 Nh5 13. Qe3 Nxf4 14. Nxf4 Qh4 15. g3 Bxf4 16. Qxf4 Qxf4 17. gxf4 0-0 18. Rfe1 Bf5 19. Re5 Rfd8 20. Rae1 g6 21. Kg2 Kg7 22. Kg3 h6 23. h4 Kf6 24. a4 Rg8 25. R1e2 g5 26. fxg5+ hxg5 27. hxg5+ Rxg5+ 28. Kf4 Rh8 29. Ke3 Rg1 30. Bb3 Rh3+ 31. f3 Rf1 32. Kd2 Rhxf3 33. Bc2 Bxc2 34. Kxc2 R1f2 35. Kd2 Ke7 36. a5 a6 37. c4 Rxe2+ 38. Rxe2 Kd6 39. Re5 f5 40. c5+ Ke7 41. Re2 Rb3 42. Kc2 Rb5 43. Rh2 e5 44. Re2 e4 45. Rh2 Kf6 46. Rh7 Kg5 0-1

[Event "Dortmund Sparkassen op-A"]
[Site "Dortmund"]
[Date "2006.08.04"]
[Round "7"]
[White "Bramkamp, Rainer"]
[Black "Titgemeyer, Thomas"]
[Result "1-0"]
[WhiteElo "2155"]
[BlackElo "1889"]
[PlyCount "93"]
[EventDate "2006.07.28"]
[EventType "swiss"]
[EventRounds "9"]
[EventCountry "GER"]
[SourceTitle "CBM 113 Extra"]
[Source "ChessBase"]
[SourceDate "2006.09.14"]
[SourceVersion "1"]
[SourceVersionDate "2006.09.14"]
[SourceQuality "1"]

1. d4 d5 2. c4 e6 3. Nc3 Nf6 4. cxd5 exd5 5. Bg5 Nbd7 6. Qc2 Be7 7. e3 0-0 8. Bd3 c6 9. Nf3 h6 10. Bf4 Ne8 11. 0-0 Ndf6 12. h3 Nd6 13. Ne5 Be6 14. Rab1 Rc8 15. Qe2 Bf5 16. f3 Bxd3 17. Qxd3 Nd7 18. e4 Nxe5 19. Bxe5 Nc4 20. Bg3 Bh4 21. Bxh4 Qxh4 22. exd5 cxd5 23. b3 Nb6 24. Nb5 Qg3 25. Qd2 a6 26. Nc3 Rc6 27. Ne2 Qg6 28. Rbc1 Rfc8 29. Rxc6 Rxc6 30. Rc1 Nd7 31. Rxc6 Qxc6 32. Qc3 Qxc3 33. Nxc3 Nf6 34. Na4 Nd7 35. Nc5 Nxc5 36. dxc5 Kf8 37. Kf2 Ke7 38. Ke3 a5 39. Kd4 Ke6 40. a3 h5 41. h4 f6 42. f4 g6 43. b4 a4 44. b5 f5 45. g3 Ke7 46. Kxd5 Kd7 47. Ke5 1-0

[Event "Dortmund Sparkassen op-A"]
[Site "Dortmund"]
[Date "2006.08.02"]
[Round "5"]
[White "Bramkamp, Rainer"]
[Black "Aulich, Marcell"]
[Result "1/2-1/2"]
[WhiteElo "2155"]
[BlackElo "1947"]
[PlyCount "75"]
[EventDate "2006.07.28"]
[EventType "swiss"]
[EventRounds "9"]
[EventCountry "GER"]
[SourceTitle "CBM 113 Extra"]
[Source "ChessBase"]
[SourceDate "2006.09.14"]
[SourceVersion "1"]
[SourceVersionDate "2006.09.14"]
[SourceQuality "1"]

1. d4 Nf6 2. Nf3 d5 3. g3 g6 4. Bg2 Bg7 5. 0-0 0-0 6. c4 e6 7. Nc3 c6 8. b3 Nbd7 9. Bb2 Ne4 10. Nxe4 dxe4 11. Ne5 f5 12. e3 c5 13. Nxd7 Bxd7 14. f3 exf3 15. Bxf3 Rb8 16. Ba3 b6 17. Qd3 Rf7 18. Rad1 cxd4 19. exd4 b5 20. Bd6 bxc4 21. bxc4 Rb2 22. Qa3 Ba4 23. Rd3 Rb6 24. Bc5 Ra6 25. Qb2 Qc7 26. Qd2 Bc6 27. Bxc6 Rxc6 28. Rb1 e5 29. Rdb3 exd4 30. Rb8+ Bf8 31. Bxf8 Rxf8 32. Rxf8+ Kxf8 33. Qxd4 Rxc4 34. Qh8+ Kf7 35. Rb7 Rc1+ 36. Kf2 Rc2+ 37. Ke3 Rc3+ 38. Kd2 1/2-1/2

[Event "Dortmund op-A"]
[Site "Dortmund"]
[Date "2004.07.29"]
[Round "7"]
[White "Bramkamp, Rainer"]
[Black "Fuhrmann, Marc Andre"]
[Result "1-0"]
[WhiteElo "2168"]
[BlackElo "2059"]
[PlyCount "71"]
[EventDate "2004.07.??"]
[EventType "swiss"]
[EventRounds "9"]
[EventCountry "GER"]
[SourceTitle "EXT 2006"]
[Source "ChessBase"]
[SourceDate "2005.11.24"]
[SourceVersion "1"]
[SourceVersionDate "2005.11.24"]
[SourceQuality "1"]

1. d4 Nf6 2. Nf3 d5 3. c4 c6 4. e3 Bf5 5. Nc3 e6 6. Nh4 Bg6 7. Nxg6 hxg6 8. g3 Nbd7 9. cxd5 exd5 10. Bg2 Bd6 11. 0-0 Qc7 12. Bd2 Nf8 13. Rc1 Qe7 14. e4 dxe4 15. Re1 Ne6 16. Nxe4 0-0 17. Ng5 Nd5 18. Bxd5 cxd5 19. Qg4 Rae8 20. Nxe6 fxe6 21. Qxg6 Rf6 22. Qg4 Qf7 23. f4 Rg6 24. Qf3 Rf8 25. Kh1 Qf6 26. Qd3 Kf7 27. Re2 Rh8 28. Rg1 Rg4 29. Qe3 Qf5 30. Rge1 Rg6 31. Rg2 Rh3 32. Qe2 Rg4 33. a3 a6 34. a4 Qg6 35. f5 Qxf5 36. Rf1 1-0

[Event "Dortmund op-A"]
[Site "Dortmund"]
[Date "2003.08.07"]
[Round "6"]
[White "Kuhn, Ulf"]
[Black "Bramkamp, Rainer"]
[Result "0-1"]
[WhiteElo "2015"]
[BlackElo "2179"]
[PlyCount "54"]
[EventDate "2003.08.01"]
[EventType "swiss"]
[EventRounds "9"]
[EventCountry "GER"]
[SourceTitle "CBM 095 Extra"]
[Source "ChessBase"]
[SourceDate "2003.09.04"]
[SourceVersion "1"]
[SourceVersionDate "2003.09.04"]
[SourceQuality "1"]

1. f4 d5 2. Nf3 Nf6 3. g3 g6 4. Bg2 Bg7 5. 0-0 0-0 6. d3 c5 7. Qe1 Nc6 8. c3 Qc7 9. Na3 a6 10. e4 dxe4 11. dxe4 e5 12. f5 h6 13. g4 Nxg4 14. Qg3 Nf6 15. fxg6 fxg6 16. Nh4 g5 17. Nf5 Bxf5 18. Rxf5 Nh5 19. Qd3 Rad8 20. Qc4+ Kh8 21. Bf3 Nf6 22. Be3 Ne7 23. Bxc5 b5 24. Qb4 Nxf5 25. exf5 Rfe8 26. Kf2 Bf8 27. Qb3 Bxc5+ 0-1

[Event "Dortmund Sparkassen op-A"]
[Site "Dortmund"]
[Date "2000.07.10"]
[Round "4"]
[White "Bramkamp, Rainer"]
[Black "Klanert, Karsten"]
[Result "1-0"]
[WhiteElo "2216"]
[BlackElo "2135"]
[PlyCount "81"]
[EventDate "2000.07.07"]
[EventType "swiss"]
[EventRounds "10"]
[EventCountry "GER"]
[SourceTitle "EXT 2001"]
[Source "ChessBase"]
[SourceDate "2000.11.22"]
[SourceVersion "1"]
[SourceVersionDate "2000.11.22"]
[SourceQuality "1"]

1. d4 Nf6 2. Nf3 c5 3. c3 e6 4. Bg5 Be7 5. e3 d5 6. Nbd2 Qb6 7. Qc2 Bd7 8. a4 Nc6 9. Bd3 h6 10. Bh4 Rc8 11. Qb1 g5 12. Bg3 Nh5 13. Be5 Nxe5 14. Nxe5 Nf6 15. a5 Qc7 16. g3 Bd6 17. f4 gxf4 18. exf4 cxd4 19. cxd4 Bb4 20. Ke2 h5 21. Ndf3 Ne4 22. a6 b6 23. Rc1 Qxc1 24. Qxc1 Rxc1 25. Rxc1 f6 26. Nc6 Bxc6 27. Rxc6 Kd7 28. Rc1 Rc8 29. Bb5+ Kd8 30. Rxc8+ Kxc8 31. Be8 Kd8 32. Bxh5 Ke7 33. Bg6 Nd6 34. Bd3 b5 35. g4 Ba5 36. g5 Kf7 37. h4 Bb6 38. h5 b4 39. b3 Kg7 40. Ke3 Bc7 41. h6+ 1-0